Catálogo

CONSULTOR DE BOMBAS CENTRIFUGAS (Registro nro. 13325)

Detalles MARC
000 -LEADER
fixed length control field 00420nam a2200157 a 4500
001 - CONTROL NUMBER
control field 13325
005 - DATE AND TIME OF LATEST TRANSACTION
control field 20180713201705.0
008 - FIXED-LENGTH DATA ELEMENTS--GENERAL INFORMATION
fixed length control field 140415s1970 000 0 spa d
041 ## - LANGUAGE CODE
Language code of text/sound track or separate title spa
082 ## - DEWEY DECIMAL CLASSIFICATION NUMBER
Classification number 620.106
Item number KAR
100 1# - MAIN ENTRY--PERSONAL NAME
Personal name KARASSIK, IGOR J.
245 10 - TITLE STATEMENT
Title CONSULTOR DE BOMBAS CENTRIFUGAS
260 ## - PUBLICATION, DISTRIBUTION, ETC.
Place of publication, distribution, etc. [s.l.] :
Name of publisher, distributor, etc. CECSA,
Date of publication, distribution, etc. 1970
300 ## - PHYSICAL DESCRIPTION
Extent 285
650 14 - SUBJECT ADDED ENTRY--TOPICAL TERM
Topical term or geographic name entry element BOMBAS (MAQUINAS)
General subdivision BOMBAS CENTRIFUGAS
Existencias
Withdrawn status Lost status Source of classification or shelving scheme Damaged status Not for loan Collection code Home library Current library Shelving location Date acquired Source of acquisition Inventory number Total Checkouts Full call number Barcode Date last seen Price effective from Koha item type
    Dewey Decimal Classification     General Biblioteca Karol Wojtyla Biblioteca Karol Wojtyla Sala general 03/12/2013 Compra 151000000000000000003299   620.106 KAR 3012 05/01/2026 03/12/2013 Libro
    Dewey Decimal Classification     General Biblioteca Karol Wojtyla Biblioteca Karol Wojtyla Sala general 03/12/2013 Compra 151000000000000000003300   620.106 KAR 43644 05/01/2026 03/12/2013 Libro